| 000 | 01231nam a2200193 a 4500 | ||
|---|---|---|---|
| 090 |
_aIAVH _b00659 |
||
| 041 | _aspa | ||
| 100 |
_aCruz Hermida, Daniel Augusto _992415 |
||
| 110 |
_bCorporación para el Desarrollo Sostenible del Sur de la Amazonía, CORPOAMAZONIA _9695 |
||
| 245 | _aProtocolos para el manejo sostenible de especies productoras de semillas utilizadas en artesanías aprovechadas bajo condiciones in situ en el Valle de Sibundoy, alto Putumayo | ||
| 260 |
_aBogotá _bCORPOAMAZONIA _bInstituto Alexander von Humboldt _c2004 |
||
| 300 | _a 129 p. | ||
| 520 | _aEn este trabajo se hace un estudio sobre algunas de las especies vegetales más utilizada en el Valle del Sibundoy. En el mercado local son comercializadas al rededor de setenta especies de semillas, de las cuales, cerca de cuarenta fueron clasificadas a nivel de especie o género, de las cuales se priorizan seis teniendo en cuenta observaciones de campo e información secundaria con respecto a parámetros ecológicos, producción y demanda. | ||
| 650 |
_aBiodiversidad _992204 |
||
| 650 |
_aConservación _992401 |
||
| 650 |
_aEspecies artesanales _96263 |
||
| 650 |
_aEspecies productoras de semillas _992545 |
||
| 662 |
_aColombia _cSibundoy _bPutumayo |
||
| 999 |
_c6159 _d6159 |
||